الأساس في الترجمة / (Record no. 27941)
[ view plain ]
| 000 -الفاتح | |
|---|---|
| حقل البيانات ثابتة الطول | 01986nam a22003615i 4500 |
| 003 - محدد رقم الضبط | |
| رقم الضبط | EG-ScBUE |
| 005 - وقت وتاريخ اخر تعامل مع التسجيلة | |
| رقم الضبط | 20191222120948.0 |
| 008 - عناصر البيانات ثابتة الطول - معلومات عامة | |
| حقل البيانات ثابتة الطول | 191222s2019 ua f 000 0 ara d |
| 017 ## - رقم الإيداع القانونى | |
| رقم الإيداع القانونى | 2014 / 21321 |
| 020 ## - الرقم الدولى المعيارى للكتب | |
| الرقم الدولى المعيارى للكتاب | 9789776181823 |
| 040 ## - مصدر الفهرسة | |
| وكالة الفهرسة الأصلية | EG-ScBUE |
| لغة الفهرسة | ara |
| قواعد الوصف | rda |
| وكالة النسخ | EG-ScBUE |
| وكالة التعديل | EG-ScBUE |
| 041 1# - رمز اللغة | |
| رمز لغة النص/ المسارات الصوتية أو العنوان الانفرادي | ara |
| -- | eng |
| رمز لغة الترجمات و/او الاصلية المتوسطة للنص | ara |
| 082 04 - رقم تصنيف ديوى العشرى | |
| رقم التصنيف | 418.02 |
| رقم المادة | س ع د |
| رقم الطبعة | 22 |
| 100 1# - المدخل الرئيسى - إسم شخصى | |
| الإسم الشخصى | أبو سعده، عبد الرحمن محسن، |
| الدور | مؤلف. |
| 245 12 - بيان العنوان | |
| العنوان | الأساس في الترجمة / |
| بيان المسئوليه,etc | إعداد دكتور عبد الرحمن محسن أبو سعده، أستاذ اللغويات والترجمة - كلية اللغات والترجمة - جامعة الأزهر، عميد كلية اللغات والترجمة، جامعة مصر للعلوم والتكنولوجيا سابقا، الأستاذ سامي خليل الشاهد، رئيس تحرير جريدة الجازيت الأسبق ؛ راجعه وحدثه وكتب المقدمة أ. د. محمود كامل، أستاذ اللغويات والترجمة، رئيس قسم اللغة الإنجليزية، أكاديمية الفنون. |
| 246 35 - العنوان الموازى | |
| عنوان صحيح/عنوان مختصر | Groundwork of translation |
| 250 ## - بيان الطبعة | |
| بيان الطبعة | الطبعة الرابعة، مزيدة ومنقحة = |
| بقية بيان الطبعة | Revised fourth edition. |
| 264 #1 - النشر، التوزيع | |
| مكان الناشر او الموزع | مدينة 6 أكتوبر، الجيزة، مصر : |
| اسم الناشر او الموزع | المكتبة العالمية للنشر والتوزيع، |
| تاريخ النشر أو التوزيع | 2019. |
| 300 ## - الوصف المادى | |
| التعداد | 272 صفحة ؛ |
| أبعاد الوعاء | 22 سم |
| 336 ## - نوع المحتوى | |
| Carrier Type Term | نص |
| Content Type Code | txt |
| source | rdacontent |
| 337 ## - نوع الوسيط | |
| Media Type Term | بدون وسيط |
| Media Type Code | n |
| source | rdamedia |
| 338 ## - نوع الحامل أو الناقل | |
| Carrier Type Term | مجلد |
| Carrier Type Code | nc |
| source | rdacarrier |
| 650 #7 - المدخل الاضافى بالموضوع-مصطلح موضوعى | |
| مصطلح موضوعي أو اسم جغرافي كعنصر مدخل | الترجمة. |
| مصدر الرأس أو المصطلح | BUEsh |
| 650 #7 - المدخل الاضافى بالموضوع-مصطلح موضوعى | |
| مصطلح موضوعي أو اسم جغرافي كعنصر مدخل | الترجمة الإنجليزية. |
| مصدر الرأس أو المصطلح | BUEsh |
| 650 #7 - المدخل الاضافى بالموضوع-مصطلح موضوعى | |
| مصطلح موضوعي أو اسم جغرافي كعنصر مدخل | اللغة العربية |
| التقسيم الفرعي العام | ترجمة. |
| مصدر الرأس أو المصطلح | BUEsh |
| 650 #7 - المدخل الاضافى بالموضوع-مصطلح موضوعى | |
| مصطلح موضوعي أو اسم جغرافي كعنصر مدخل | اللغة الإنجليزية |
| التقسيم الفرعي العام | ترجمة. |
| مصدر الرأس أو المصطلح | BUEsh |
| 9 (RLIN) | 26944 |
| 651 ## - المدخل الاضافى بالموضوع - اسم جغرافى | |
| مصدر الرأس أو المصطلح | BUEsh |
| 653 ## - مصطلح تكشيفى غير مقيد | |
| Resource For college | Humanities: English |
| Arrived date list | December2019 |
| 655 ## - مصطلح تكشيفى-نوع/شكل | |
| التقسيم الفرعي الشكلي | Reading book |
| 700 1# - المدخل الاضافى - اسم شخصى | |
| الإسم الشخصى | شاهد، سامي خليل، |
| الدور | مؤلف. |
| 700 1# - المدخل الاضافى - اسم شخصى | |
| الإسم الشخصى | كامل، محمود، |
| الدور | مراجع. |
| 942 ## - عناصر المدخل الإضافي( كوها) | |
| مصدر التصنيف او مخطط الترفيف | Dewey Decimal Classification |
| حالة التراجع | حالة الفقد | مصدر التصنيف او خطة الترفيف | حالة تلف | ليس للاعارة | مجموعات كوها | المكان الدائم | المكان الحالي | موقع الترفيف | تاريخ الاكتساب | Source of acquisition | سعر الشراء الطبيعي | رقم الاستدعاء | الباركود | Date last seen | التكلفة | نوع الوعاء |
|---|---|---|---|---|---|---|---|---|---|---|---|---|---|---|---|---|
| Dewey Decimal Classification | Baccah | Central Library | Central Library | Second Floor | 22/12/2019 | Purchase | 55.00 | 418.02 س ع د | 000048464 | 15/07/2025 | 68.75 | Book - Borrowing |